| Tag |
First Indicator |
Second Indicator |
Subfields |
| LEADER |
00000cam a2200000 a 4500 |
| 001 |
in00000018337 |
| 005 |
20151007053221.0 |
| 007 |
he bmb||||||| |
| 008 |
861024r19861985oru bb 00010 eng d |
| 035 |
|
|
|a (OCoLC)14516926
|
| 035 |
|
|
|9 AAB0827AM
|
| 040 |
|
|
|a HPE
|c WAY
|d HPE
|d UtOrBLW
|
| 049 |
|
|
|a TXAI
|
| 099 |
|
|
|a fiche
|a C
|a 7729
|
| 100 |
1 |
|
|a Green, Wanda Kay,
|d 1940-
|
| 245 |
1 |
0 |
|a Analysis of selected factors perceived important to continued involvement in adult women's club field hockey /
|c Wanda Kay Green.
|
| 264 |
|
1 |
|a [Place of publication not identified] :
|b [publisher not identified] ;
|c 1985.
|
| 300 |
|
|
|a xi, 159 leaves.
|
| 336 |
|
|
|a text
|b txt
|2 rdacontent
|
| 337 |
|
|
|a microform
|b h
|2 rdamedia
|
| 338 |
|
|
|a microfiche
|b he
|2 rdacarrier
|
| 502 |
|
|
|b Ed. D.
|c University of Northern Colorado
|d 1985.
|
| 504 |
|
|
|a Bibliography: leaves [153]-159.
|
| 533 |
|
|
|a Microfiche.
|b Eugene :
|c Microform Publications, College of Human Development and Performance, University of Oregon,
|d 1986.
|e 2 microfiches : negative ; 11 x 15 cm.
|
| 500 |
|
|
|a Microform.
|
| 650 |
|
0 |
|a Field hockey
|x Psychological aspects.
|
| 650 |
|
0 |
|a Motivation (Psychology)
|
| 650 |
|
0 |
|a Women athletes
|x Psychology.
|
| 999 |
|
|
|a MARS
|
| 999 |
f |
f |
|s 3798f41e-b934-3318-a1e2-9850c5e090c4
|i c3ff700f-a8dd-39a1-8941-7c82f4e1454a
|t 0
|
| 952 |
f |
f |
|p normal
|a Texas A&M University
|b College Station
|c Sterling C. Evans Library
|d Evans: Microforms (3rd floor)
|t 0
|e fiche C 7729
|h Other scheme
|i microform -- microfiche
|m A14822778511
|
| 998 |
f |
f |
|a fiche C 7729
|t 0
|l Evans: Microforms (3rd floor)
|